UBT Library

Teaching writing in high school and college : (Record no. 40783)

000 -LEADER
fixed length control field 00838cam a2200253 a 4500
001 - CONTROL NUMBER
control field 12687894
005 - DATE AND TIME OF LATEST TRANSACTION
control field 20180123072837.0
008 - FIXED-LENGTH DATA ELEMENTS--GENERAL INFORMATION
fixed length control field 020227s2002 ilu b 000 0 eng
010 ## - LIBRARY OF CONGRESS CONTROL NUMBER
LC control number 2002003050
020 ## - INTERNATIONAL STANDARD BOOK NUMBER
International Standard Book Number 0814109756 (pbk.)
035 ## - SYSTEM CONTROL NUMBER
System control number (DLC) 2002003050
035 ## - SYSTEM CONTROL NUMBER
System control number (DLC)3880
040 ## - CATALOGING SOURCE
Original cataloging agency DLC
Transcribing agency DLC
Modifying agency DLC
041 ## - LANGUAGE CODE
Language code of text/sound track or separate title eng
080 ## - UNIVERSAL DECIMAL CLASSIFICATION NUMBER
Universal Decimal Classification number 808.0420712 THO
082 00 - DEWEY DECIMAL CLASSIFICATION NUMBER
Classification number 808.0420712 THO
Edition number 21
100 ## - Rafti
Rafti 46
101 ## - Shkurtesa
Shkurtesa EDU
245 00 - TITLE STATEMENT
Title Teaching writing in high school and college :
Statement of responsibility, etc edited by Thomas C. Thompson.
504 ## - BIBLIOGRAPHY, ETC. NOTE
Bibliography, etc Includes bibliographical references.
906 ## - LOCAL DATA ELEMENT F, LDF (RLIN)
a 7
b cbc
c orignew
d 1
e ecip
f 20
g y-gencatlg
942 ## - ADDED ENTRY ELEMENTS (KOHA)
Source of classification or shelving scheme
Item type Books
Holdings
Withdrawn status Lost status Source of classification or shelving scheme Damaged status Not for loan Collection code Permanent location Current location Shelving location Date acquired Total Checkouts Full call number Barcode Date last seen Price effective from Koha item type
          Koleksioni i përgjithshem UBT - Lipjan UBT - Lipjan Koleksioni i përgjithshem 01/23/2018   808.0420712 THO 002-2996086 01/23/2018 01/23/2018 Books
UBT Library © 2015-2024. All rights reserved University Education for Business and Technology